000 00554cam a22002291 4500
001 ne 67000942
003 DLC
005 20260227111832.0
008 890331s1965 xx 000 0 ara
010 _ane 67000942
035 _a(OCoLC)23510286
040 _aDLC
_cMiU
_dDLC
042 _apremarc
050 0 0 _aDS44
_b.H5
100 1 _aḤilmī, Maḥmūd.
245 1 3 _aal-Mujtamaʻ al-ʻArabī.
260 _c1965.
300 _a454 p.
_c24 cm.
500 _aRomanized.
650 0 _aNationalism
_zArab countries.
651 0 _aArab countries
999 _c49602
_d49602